000 00263nam a2200121 i 4500
001 bg
245 0 _aIssledovanija po Prikladnoj... Nr.7.
260 _aKazan,
_c1979.
040 _cBPK
041 _apol
942 _cKS
008 s pl f |000 0 pol
999 _c9432
_d9432
856 _uhttp://koha.tu.koszalin.pl/cgi-bin/koha/opac-detail.pl?biblionumber=9432
_yKatalog online BPK